Telenovelas das 7 da Rede Globo (2000-2010) - Statistics

Estatísticas Gerais
  • Esse quiz foi jogado 48 vezes
  • A pontuação média é 9 de 15
Estatísticas das Respostas
Ano de Exibição Letras Iniciais Resposta % Correto
2009-2010 C____ & B____ Caras & Bocas
83%
2000-2001 U__ U__ Uga Uga
76%
2006 C_____ & L_______ Cobras & Lagartos
74%
2002-2003 O B____ d_ V______ O Beijo do Vampiro
74%
2006-2007 P_ n_ J___ Pé na Jaca
69%
2003-2004 K________ Kubanacan
64%
2004 D_ C__ d_ P_____ Da Cor do Pecado
60%
2005 A L__ M_ D____ A Lua Me Disse
55%
2001-2002 A_ F_____ d_ M__ As Filhas da Mãe
52%
2005-2006 B___ B___ Bang Bang
50%
2001 U_ A___ C___ d_ C__ Um Anjo Caiu do Céu
48%
2007-2008 S___ P______ Sete Pecados
45%
2004-2005 C______ d_ N___ Começar de Novo
43%
2002 D______ d_ M_____ Desejos de Mulher
40%
2008-2009 T___ I____ Três Irmãs
40%
Nenhum quiz correspondente encontrado
Distribuição das Pontuações
Porcentagem de Pessoas com Cada Pontuação
Percentil de Números Respondidos
Sua Pontuação Histórica
Você não jogou esse quiz